Statistics for Ireland Soccer Best Results vs ..

Click here to take the quiz!

General Stats

  • This quiz has been taken 9 times
  • The average score is 58 of 82

Answer Stats

YearAnswerScoreCompetitionIrish Scorers% Correct
1966Belgium2 - 3FriendlyNoel Cantwell, John Fullam
100%
1990Egypt0 - 01990 World Cup
100%
1949England0 - 2FriendlyCornelius Martin , Peter Farrell
100%
1937France0 - 2FriendlyDavid Jordan, Jackie Brown
100%
1936Germany5 - 2FriendlyJoseph Donnelly (x2), Thomas Davis (x2), Matthew Geoghegan
100%
2013Kazakhstan3 - 12014 World Cup QualifiersRobbie Keane, John O'Shea, Dmitriy Shomko (o.g)
100%
1984Mexico0 - 0Friendly
100%
2011Northern Ireland0 - 52011 Nations CupStephen Ward, Robbie Keane (x2), Craig Cathcart (o.g), Simon Cox
100%
2022Scotland3 - 02022 Nations LeagueAlan Browne, Troy Parrott, Michael Obafemi
100%
1992United States4 - 1FriendlyAndrew Townsend, Dennis Iriwn, Niall Quinn, Tony Cascarino
100%
1992Albania2 - 01994 World Cup QualifierJohn Aldridge Paul McGrath
80%
2010Algeria3 - 0FriendlyPaul Green, Robbie Keane (x2
80%
2021Andorra1 - 4FriendlyTroy Parrott (x2), Jason Knight, Daryl Horgan
80%
1998Argentina0 - 2 (L)Friendly
80%
2003Australia2 - 1FriendlyJohn O'Shea, Clinton Morrison
80%
1953Austria4 - 0FriendlyAlfred Ringstead, Thomas Eglington, Francis O'Farrell
80%
2016Belarus1 - 2 (L)FriendlyStephen Ward
80%
2004Brazil0 - 0Friendly
80%
1979Bulgaria3 - 0Euro 1980 QualifierMichael Martin, Anthony Grealish, Frank Stapleton
80%
2003Canada3 - 0FriendlyDamien Duff, Robbie Keane
80%
1960Chile2 - 0FriendlyNoel Cantwell, Dermot Curtis
80%
1984China0 - 11984 Japan CupEamonn O'Keefe
80%
1980Cyprus6 - 01982 World Cup QualifierGerard Daly (x2), Anthony Grealish, Michael Robinson, Frank Stapleton, Chris Hughton
80%
2000Czech Republic3 - 2FriendlyKarel Rada (o.g), Ian Harte, Robbie Keane
80%
2007Denmark4 - 0FriendlyRobbie Keane (x2), Shane Long (x2)
80%
1949Finland3 - 01950 World Cup QualifierJohn Gavin, Cornelius Martin (x2)
80%
2013Georgia4 - 0FriendlyRichard Keogh, Simon Cox, Robbie Keane (x2)
80%
1987Israel5 - 0FriendlyJohn Byrne, David Kelly (x3), Niall Quinn
80%
2011Italy0 - 21994 World CupKeith Andrews, Simon Cox
80%
1992Latvia4 - 01994 World Cup QualifierKevin Sheedy, John Aldridge (x3)
80%
1993Lithuania2 - 01994 World Cup QualifierJohn Aldridge, Alan Kernaghan
80%
1936Luxembourg1 - 5FriendlyJimmy Dunne, Joseph Donnelly, Jimmy Kelly
80%
2016Moldova1 - 32018 World Cup QualifierShane Long, James McClean (x2)
80%
1956Netherlands1 - 4FriendlyArthur Fitzsimons, Joseph Haverty, Alfred Ringstead
80%
2012Oman4 - 1FriendlyShane Long, Robbie Brady, Kevin Doyle, Alex Pearce
80%
1976Poland2 - 0FriendlyDon Given (x2)
80%
1949Portugal1 - 0FriendlyPaddy Coad
80%
2021Qatar4 - 0FriendlyCallum Robinson (x3), Shane Duffy
80%
1988Romania2 - 0FriendlyKevin Moran, David Kelly
80%
2002Russia2 - 0FriendlySteven Reid, Robbie Keane
80%
2006San Marino5 - 0Euro 2008 QualifierAndy Reid, Kevin Doyle, Robbie Keane (x3)
80%
2002Saudi Arabia0 - 32002 World CupRobbie Keane, Gary Breen, Damien Duff
80%
1946Spain1 - 0FriendlyJoshua Sloan
80%
1999Sweden2 - 0FriendlyGraham Kavanagh, Mark Kennedy
80%
1938Switzerland4 - 0FriendlyPaddy Bradshaw, Jimmy Dunne, Joseph Donelly
80%
1975Turkey5 - 0Euro 1992 QualifierJohn Aldridge (x3), David O'Leary, Niall Quinn
80%
1974Uruguay2 - 0Friendly
80%
2011Wales3 - 02011 Nations CupDarren Gibson, Damien Duff, Keith Fahey
80%
2011Armenia2 - 1Euro 2012 QualifierValeri Aleksanyan (o.g), Richard Dunne
60%
2021Azerbaijan0 - 32022 World Cup QualifierCallum Robinson (x2), CHiedozie Ogbene
60%
2015Bosnia and Herzegovina2 - 0Euro 2016 Qualifer (Play-offs)Jonathan Walters (x2)
60%
1998Croatia2 - 0Euro 2000 QualifierDenis Irwin, Roy Keane
60%
1959Czechoslovakia2 - 01960 European Nations Cup QualifierLiam Tuohy, Noel Cantwell
60%
2011Estonia4 - 0Euro 2012 Qualifier (play-offs)Keith Andrews, Jonathan Walters, Robbie Keane (x2)
60%
2013Faroe Islands3 - 02014 World Cup QualifiersRobbie Keane (x3)
60%
2014Gibraltar7 - 0Euro 2016 QualifierRobbie Keane (x3), James McClean (x2), Jordan Perez (o.g) Wes Hoolahan
60%
2000Greece0 - 1 (L)Friendly
60%
1962Iceland4 - 21964 European Nations Cup QualifierLiam Tuohy, Ambrose Fogarty, Noel Cantwell
60%
2001Iran2 - 02002 World Cup Qualifier (Play-off)Ian Harte, Robbie Keane
60%
1994Liechtenstein0 - 51998 World Cup QualifierAndrew Townsend, Keith O'Neill, Niall Quinn (x2), Ian Harte
60%
1983Malta8 - 0Euro 1984 QualifierMark Lawrence (x2), Frank Stapleton, Kevin O'Callaghan, Kevin Sheedy, Liam Brady (x2), Gerard Daly
60%
1990Morocco1 - 0FriendlyDavid Kelly
60%
2019New Zealand3 - 1FriendlyDerrick Williams, Sean Maguire, Callum Robinson
60%
2002Nigeria1 - 1FriendlyRobbie Keane
60%
1996North Macedonia3 - 01998 World Cup QualifierJason McAteer, tony Cascarino
60%
1975Norway3 - 0FriendyLiam Brady, James Holmes, Michael Walsh
60%
1999Paraguay2 - 0FriendlyDenis Irwin, David Connolly
60%
2012Serbia0 - 0Friendly
60%
2007Slovakia1 - 0Euro 2008 QualiferKevin Doyle
60%
2000South Africa2 - 1U.S CupStephen McPhail, Niall Quinn
60%
1988Tunisia4 - 0FriendlyTony Cascarino, John Aldridge, Kevin Sheedy
60%
1956West Germany3 - 0FriendlyNoel Cantwell, Joseph Haverty, Jamie McCann
60%
1988Yugoslavia2 - 0FriendlyMick McCarthy, Kevin Moran
60%
1996Bolivia3 - 01996 U.S CupKeith O'Neill (x2), Ian Harte
40%
2002Cameroon1 - 12002 World CupMatthew Hollan
40%
1972Ecuador2 - 3Brazil Independence CupEamonn Rogers, Michael Martin, Turlough O'Connor
40%
1989Hungary2 - 01990 World Cup QualifierPaul McGrath, Tony Cascarino
40%
2004Jamaica0 - 1FriendlyGraham Barrett
40%
2008Montenegro0 - 02010 World Cup Qualifier
40%
1974Soviet Union3 - 0Euro 1976 QualiferDon Givens (x3)
40%
1936Rhineland XI4 - 1FriendlyJimmy Dunne
20%
1982Trinidad and Tobago2 - 1FriendlyLiam Brady
0%

Score Distribution

Percentile by Number Answered

Percent of People with Each Score

Your Score History

You have not taken this quiz